Logistické zabezpečenie zásob : Diplomová práca

Gespeichert in:
Bibliographische Detailangaben
1. Verfasser: Vaľo, Peter (Verfasst von)
Weitere Verfasser: Homoky, Rastislav (xxx)
Format: Manuskript Buch
Sprache:Slowakisch
Veröffentlicht: Trnava : STU v Bratislave MtF KPIM, 2006
Schlagworte:
Tags: Tag hinzufügen
Keine Tags, Fügen Sie das erste Tag hinzu!

MARC

LEADER 00000ntm a22000003a 4500
001 stu132494
005 20160719155543.3
008 061218s2006----xo------------------slo-d
040 |a STU  |b slo 
041 0 |a slo 
044 |a xo 
100 1 |a Vaľo, Peter  |4 aut 
245 1 |a Logistické zabezpečenie zásob :  |b Diplomová práca 
260 |a Trnava :  |b STU v Bratislave MtF KPIM,  |c 2006 
300 |a 81 s  |c príl., 1 CD-ROM 
650 7 |a priemyselné inžinierstvo a manažment  |2 stusub 
650 7 |a logistika  |2 stusub 
700 1 |a Homoky, Rastislav  |4 xxx 
996 |b 284M075417  |c M*DP-6491  |l MMSKP  |s P  |a 0  |w stu132494_0001